00446nam a22001217a 450000500170000000800410001702000180005824500440007626000580012030000280017850000980020665000200030420241126203211.0241126b |||||||| |||| 00| 0 eng d a9780406031754 aThe All England Law Reports 1994 Vol. 4 aLondon, UKbButterworths & Co. (Publishing) Ltdc1994 axx, 1088 pagesc23.5 cm aEditor-in- Chief ; Hutchesson Peter LLM. Barrister, New Zealand. Vandridge-ames Caroline LLM 2Law ReportsxUK